<?xml version="1.0" encoding="UTF-8"?>
<record
    xmlns:xsi="http://www.w3.org/2001/XMLSchema-instance"
    xsi:schemaLocation="http://www.loc.gov/MARC21/slim http://www.loc.gov/standards/marcxml/schema/MARC21slim.xsd"
    xmlns="http://www.loc.gov/MARC21/slim">

  <leader>02811cam a2200373 a 4500</leader>
  <controlfield tag="001">15254280</controlfield>
  <controlfield tag="003">OSt</controlfield>
  <controlfield tag="005">20211105151656.0</controlfield>
  <controlfield tag="008">080409s2009    nyua     b    001 0 eng  </controlfield>
  <datafield tag="010" ind1=" " ind2=" ">
    <subfield code="a">  2008016203</subfield>
  </datafield>
  <datafield tag="020" ind1=" " ind2=" ">
    <subfield code="a">9780446580243 (regular edition)</subfield>
  </datafield>
  <datafield tag="020" ind1=" " ind2=" ">
    <subfield code="a">0446580244 (regular edition)</subfield>
  </datafield>
  <datafield tag="035" ind1=" " ind2=" ">
    <subfield code="a">(OCoLC)225089269</subfield>
  </datafield>
  <datafield tag="035" ind1=" " ind2=" ">
    <subfield code="a">(OCoLC)ocn225089269</subfield>
  </datafield>
  <datafield tag="040" ind1=" " ind2=" ">
    <subfield code="a">DLC</subfield>
    <subfield code="c">DLC</subfield>
    <subfield code="d">YDX</subfield>
    <subfield code="d">BAKER</subfield>
    <subfield code="d">BTCTA</subfield>
    <subfield code="d">YDXCP</subfield>
    <subfield code="d">UPZ</subfield>
    <subfield code="d">ON8</subfield>
    <subfield code="d">JED</subfield>
    <subfield code="d">VP@</subfield>
    <subfield code="d">ORX</subfield>
    <subfield code="d">BUR</subfield>
    <subfield code="d">DLC</subfield>
  </datafield>
  <datafield tag="050" ind1="0" ind2="0">
    <subfield code="a">GF86.S53</subfield>
  </datafield>
  <datafield tag="082" ind1="0" ind2="0">
    <subfield code="a">613.6/9</subfield>
    <subfield code="2">22</subfield>
  </datafield>
  <datafield tag="100" ind1="1" ind2=" ">
    <subfield code="a">Sherwood, Ben.</subfield>
  </datafield>
  <datafield tag="245" ind1="1" ind2="4">
    <subfield code="a">The survivors club: the secrets and science that could save your life. /</subfield>
    <subfield code="c">Ben Sherwood.</subfield>
  </datafield>
  <datafield tag="260" ind1=" " ind2=" ">
    <subfield code="a">New York:</subfield>
    <subfield code="b">Grand Central Pub.,</subfield>
    <subfield code="c">2009.</subfield>
  </datafield>
  <datafield tag="300" ind1=" " ind2=" ">
    <subfield code="a">xvi, 383 p. :</subfield>
    <subfield code="b">ill. ;</subfield>
    <subfield code="c">24 cm.</subfield>
  </datafield>
  <datafield tag="504" ind1=" " ind2=" ">
    <subfield code="a">Includes bibliographical references (p. [347]-368) and index.</subfield>
  </datafield>
  <datafield tag="505" ind1="0" ind2=" ">
    <subfield code="a">Contents: 1. What it takes to survive. A knitting needle through the heart : the three rules of the survivors club ; The statues in the storm : why so many people die when they shouldn't ; Ninety seconds to save your life : the wrong (and right) things to do in a plane crash ; The organ recital : who lives and dies in the ER ; The supersonic man : how much of life (and death) do you really control? ; Rescued from the lion's jaws : prayer, miracles, and the power of faith ; The dancer and the angel of death : how did anyone survive the Holocaust? ; The science of luck : why good things always happen to the same people ; Hug the monster : how fear can save your life ; Too mean to die : does the will to live make any difference? ; The resilience gene : who bounces back and who doesn't? ; What does not kill me : why adversity is good for you -- 2.  Are you a survivor?:  -- The survivor profiler : discovering your survivor personality ; Your survivor IQ : what type of survivor are you? ; Your survivor tool kit : what are your top three strengths? -- Afterword: How to eat an elephant : the lessons of the survivors club -- </subfield>
  </datafield>
  <datafield tag="520" ind1=" " ind2=" ">
    <subfield code="a">From award-winning journalist Sherwood comes a fascinating exploration of survival that can help prepare you for life's inevitable struggles, from cancer and crime to car accidents and airplane crashes.</subfield>
  </datafield>
  <datafield tag="650" ind1=" " ind2="0">
    <subfield code="a">Survival.</subfield>
  </datafield>
  <datafield tag="650" ind1=" " ind2="0">
    <subfield code="a">Accidents.</subfield>
  </datafield>
  <datafield tag="650" ind1=" " ind2="0">
    <subfield code="a">Medical emergencies.</subfield>
  </datafield>
  <datafield tag="856" ind1="4" ind2="2">
    <subfield code="3">Contributor biographical information</subfield>
    <subfield code="u">http://www.loc.gov/catdir/enhancements/fy0829/2008016203-b.html</subfield>
  </datafield>
  <datafield tag="856" ind1="4" ind2="2">
    <subfield code="3">Publisher description</subfield>
    <subfield code="u">http://www.loc.gov/catdir/enhancements/fy0829/2008016203-d.html</subfield>
  </datafield>
  <datafield tag="856" ind1="4" ind2="1">
    <subfield code="3">Table of contents only</subfield>
    <subfield code="u">http://www.loc.gov/catdir/toc/fy0904/2008016203.html</subfield>
  </datafield>
  <datafield tag="906" ind1=" " ind2=" ">
    <subfield code="a">7</subfield>
    <subfield code="b">cbc</subfield>
    <subfield code="c">orignew</subfield>
    <subfield code="d">1</subfield>
    <subfield code="e">ecip</subfield>
    <subfield code="f">20</subfield>
    <subfield code="g">y-gencatlg</subfield>
  </datafield>
  <datafield tag="942" ind1=" " ind2=" ">
    <subfield code="2">lcc</subfield>
    <subfield code="c">BK</subfield>
  </datafield>
  <datafield tag="999" ind1=" " ind2=" ">
    <subfield code="c">7917</subfield>
    <subfield code="d">15417</subfield>
  </datafield>
  <datafield tag="952" ind1=" " ind2=" ">
    <subfield code="0">0</subfield>
    <subfield code="1">0</subfield>
    <subfield code="2">lcc</subfield>
    <subfield code="4">0</subfield>
    <subfield code="7">0</subfield>
    <subfield code="a">WIUC-KL</subfield>
    <subfield code="b">WIUC-KL</subfield>
    <subfield code="c">GEN</subfield>
    <subfield code="d">2021-11-04</subfield>
    <subfield code="l">0</subfield>
    <subfield code="o">GF86.S53</subfield>
    <subfield code="p">KSN/456/19</subfield>
    <subfield code="r">2021-11-04 00:00:00</subfield>
    <subfield code="w">2021-11-04</subfield>
    <subfield code="y">BK</subfield>
  </datafield>
</record>
